El diario un texto social /
Guardado en:
| Autor Principal: | |
|---|---|
| Formato: | Libro |
| Publicado: |
Buenos Aires :
Aique,
1993
|
| Edición: | 2a. ed. |
| Series: | Didáctica
|
| Materias: | |
| Etiquetas: |
Agregar Etiqueta
Sin Etiquetas, Sea el primero en etiquetar este registro!
|
| LEADER | 01095nam a22002415a 4500 | ||
|---|---|---|---|
| 001 | CEM.cems009452 | ||
| 005 | 20080314111448.0 | ||
| 008 | 130507s1993##################000#0#####d | ||
| 003 | CEMS | ||
| 020 | |a 9507011323 | ||
| 082 | 0 | 4 | |a SG371.33 |
| 100 | 1 | |a Morduchowicz, Roxana | |
| 245 | 1 | 0 | |a El diario un texto social / |c Roxana Morduchowicz |
| 250 | |a 2a. ed. | ||
| 260 | |a Buenos Aires : |b Aique, |c 1993 | ||
| 300 | |a 64 p. | ||
| 490 | 0 | |a Didáctica | |
| 505 | 0 | |a En la escuela: ¨se puede hablar de todo?.- Partidismo y pol¡tica.- La escuela, agente de formaci¢n social.- El valor de la informaci¢n.- El diario un texto social.- Lo polémico en el diario.- La opinión personal del docente.- Los padres y la responsabilidad social de la escuela.- Las primeras experiencias políticas.- Un cambio de actitud.- Leer y escribir no alcanza.- | |
| 653 | |a Diario en el aula | ||
| 653 | |a Educación | ||
| 653 | |a Biblioteca maría de los angeles saggio | ||
| 859 | |a CEMS |b BIB. CEMS - 11 de abril |h SG371.33 |i M812-2 |p 19209.97 |t Ej.1 | ||
| 859 | |a CEMS |b BIB. CEMS - 11 de abril |h SG371.33 |i M812-2 |p 21577.01 |t Ej.2 | ||
